Alle Länder mit aktiver Todesstrafe - Statistiken

Allgemein
  • Dieses Quiz wurde 598 mal gespielt
  • Das Durchschnittsergebnis liegt bei 11 aus 20
Antwortstatistiken
Anzahl Hinrichtungen 2019 Land % Korrekt
22 Vereinigte Staaten
93%
Tausende China
91%
>251 Iran
87%
>100 Irak
84%
184 Saudi-Arabien
83%
+ Nordkorea
75%
>14 Pakistan
70%
+ Syrien
70%
7 Jemen
64%
3 Japan
58%
>32 Ägypten
57%
1 Sudan
45%
+ Vietnam
42%
>12 Somalia
37%
>2 Weißrussland
37%
>11 Südsudan
31%
3 Bahrain
30%
2 Bangladesch
29%
4 Singapur
25%
1 Botswana
4%
Keine übereinstimmenden Quizze gefunden
Verteilung der Resultate
Anzahl Personen mit jedem Resultat
Perzentil nach korrekt beantworteten Fragen
Ihre Resultats-Entwicklung
Sie haben dieses Quiz noch nicht gespielt